00475nam a2200145Ia 4500003000900000008004100009020002600050020002700076040001600103100002300119245006900142260003200211300002000243856006600263IN-BaIIA211028s9999 xx s 000 0 eng d a9780819498243 (Print) a9780819498250 (Online) cIIA Library aNeumann, Wilfried  0aFundamentals of Dispersive Optical Spectroscopy Systemsh[eBook] aWashington, USAbSPIEc2014 aOnline resource uhttps://doi.org/10.1117/3.1002528yClick Here to Access eBook